000 00321nam a2200133 i 4500
001 bg
100 1 _aKACZMAREK, J.
245 0 _aAnaliza własności rozwiązań zadania optymalnej... /
_cJ. Kaczmarek.
260 _c1984.
040 _cBPK
041 _apol
942 _cKS
008 s pl f |000 0 pol
999 _c27989
_d27989
856 _uhttp://koha.tu.koszalin.pl/cgi-bin/koha/opac-detail.pl?biblionumber=27989
_yKatalog online BPK